[Event "Rheinland-ch H2"]
[Site "Mainz Laubenheim"]
[Date "2002.03.24"]
[Round "3.2"]
[White "Silz, Simeon"]
[Black "Baetz, Peter"]
[Result "1/2-1/2"]
[WhiteElo "1126"]
[BlackElo "1356"]
[PlyCount "86"]
[EventDate "2002.03.23"]
[EventType "swiss"]
[EventRounds "7"]
[EventCountry "GER"]
[SourceTitle "EXT 2003"]
[Source "ChessBase"]
[SourceDate "2002.11.25"]
[SourceVersion "1"]
[SourceVersionDate "2002.11.25"]
[SourceQuality "1"]

1. e4 e5 2. Nf3 Nc6 3. Bc4 Nf6 4. d3 Bc5 5. Bg5 0-0 6. 0-0 Be7 7. c3 h6 8. Bh4 d6 9. Nbd2 Nh7 10. Bxe7 Qxe7 11. d4 Na5 12. a3 Nxc4 13. Nxc4 Bg4 14. dxe5 Bxf3 15. Qxf3 dxe5 16. Rad1 b5 17. Ne3 c6 18. Nf5 Qf6 19. h4 Rad8 20. Rd3 Rxd3 21. Qxd3 Rd8 22. Qe3 a5 23. Qf3 Nf8 24. Rd1 Rxd1+ 25. Qxd1 Ng6 26. g3 Kh7 27. Qd7 Qe6 28. Qc7 Qc4 29. f3 Qe6 30. Qxa5 Ne7 31. g4 Nxf5 32. gxf5 Qf6 33. Qc7 Qxh4 34. Qxf7 Qe1+ 35. Kg2 Qd2+ 36. Kh3 Qg5 37. Qe8 Qf6 38. Kg2 Qg5+ 39. Kf1 Qc1+ 40. Ke2 Qc2+ 41. Ke3 Qc1+ 42. Kd3 Qd1+ 43. Ke3 Qe1+ 1/2-1/2

[Event "Rheinland-ch H2"]
[Site "Mainz Laubenheim"]
[Date "2002.03.23"]
[Round "2.5"]
[White "Asadi, Nawid"]
[Black "Silz, Simeon"]
[Result "0-1"]
[WhiteElo "1072"]
[BlackElo "1126"]
[PlyCount "80"]
[EventDate "2002.03.23"]
[EventType "swiss"]
[EventRounds "7"]
[EventCountry "GER"]
[SourceTitle "EXT 2003"]
[Source "ChessBase"]
[SourceDate "2002.11.25"]
[SourceVersion "1"]
[SourceVersionDate "2002.11.25"]
[SourceQuality "1"]

1. e4 c5 2. Nf3 d6 3. Bc4 Nf6 4. Nc3 a6 5. Ng5 e6 6. d3 b5 7. Bb3 Bb7 8. a3 Nc6 9. 0-0 Be7 10. Nf3 0-0 11. Re1 Nd4 12. Nxd4 cxd4 13. Ne2 Qb6 14. c3 dxc3 15. Nxc3 a5 16. Be3 Qc6 17. Rc1 b4 18. Na4 Qb5 19. Bc4 Qe5 20. f4 Qh5 21. Qxh5 Nxh5 22. Nb6 Rad8 23. Bd2 d5 24. exd5 Bc5+ 25. Be3 Bxe3+ 26. Rxe3 exd5 27. Bb5 Nxf4 28. Nd7 d4 29. Nxf8 dxe3 30. Nd7 Rxd7 31. Bxd7 Ne2+ 32. Kf1 Nxc1 33. axb4 Nxd3 34. Ke2 Nxb4 35. Kxe3 Bxg2 36. Kd4 h5 37. Kc4 g5 38. Kb5 Nd3 39. b3 Bd5 40. Ka4 Nc5+ 0-1

[Event "SJRH-ch U16"]
[Site "Mainz"]
[Date "2002.01.04"]
[Round "5"]
[White "Silz, Simeon"]
[Black "Katte, Isabel"]
[Result "0-1"]
[WhiteElo "1076"]
[BlackElo "1550"]
[PlyCount "70"]
[EventDate "2002.01.02"]
[EventType "swiss"]
[EventRounds "7"]
[EventCountry "GER"]
[SourceTitle "EXT 2003"]
[Source "ChessBase"]
[SourceDate "2002.11.25"]
[SourceVersion "1"]
[SourceVersionDate "2002.11.25"]
[SourceQuality "1"]

1. e4 c5 2. Nf3 Nc6 3. d4 cxd4 4. Nxd4 g6 5. Qf3 Nxd4 6. Qd3 Bg7 7. Be3 Nc6 8. g3 Bxb2 9. Bg2 e6 10. Nd2 Bxa1 11. c3 Qf6 12. f4 Qxc3 13. Qxc3 Bxc3 14. 0-0 Nf6 15. Nc4 0-0 16. e5 Ng4 17. Bc5 Rd8 18. Rf3 Bd4+ 19. Bxd4 Nxd4 20. Rd3 Nc6 21. Bf3 h5 22. h3 Nh6 23. Nd6 b6 24. Ne4 Kg7 25. Nf6 Bb7 26. a3 Na5 27. Bxb7 Nxb7 28. Nxd7 Nc5 29. Nxc5 bxc5 30. Rc3 Rac8 31. Kf2 c4 32. Re3 Nf5 33. Kf3 Rd3 34. Rxd3 cxd3 35. Kf2 Rc2+ 0-1

[Event "SJRH-ch U16"]
[Site "Mainz"]
[Date "2002.01.02"]
[Round "1"]
[White "Friedrich, Marius"]
[Black "Silz, Simeon"]
[Result "1-0"]
[WhiteElo "1539"]
[BlackElo "1076"]
[PlyCount "99"]
[EventDate "2002.01.02"]
[EventType "swiss"]
[EventRounds "7"]
[EventCountry "GER"]
[SourceTitle "EXT 2003"]
[Source "ChessBase"]
[SourceDate "2002.11.25"]
[SourceVersion "1"]
[SourceVersionDate "2002.11.25"]
[SourceQuality "1"]

1. e4 c5 2. Nf3 e6 3. d4 cxd4 4. Nxd4 Nf6 5. Nc3 Bb4 6. f3 d5 7. exd5 Nxd5 8. Bd2 a6 9. Nxd5 Bxd2+ 10. Qxd2 Qxd5 11. Be2 0-0 12. Nb3 Qxd2+ 13. Nxd2 b5 14. 0-0 Bb7 15. Rfd1 Rd8 16. Ne4 Nc6 17. Nd6 Ra7 18. Nxb7 Rxd1+ 19. Rxd1 Rxb7 20. f4 g6 21. Bf3 Rc7 22. c3 Na5 23. Be2 Nc4 24. Bxc4 Rxc4 25. g3 b4 26. cxb4 Rxb4 27. b3 a5 28. Kf2 a4 29. Rd3 Kg7 30. Ke3 f5 31. Rd4 Rb6 32. Rxa4 Rd6 33. Rd4 Ra6 34. a4 Kf6 35. Rc4 e5 36. fxe5+ Kxe5 37. Rc5+ Kd6 38. Kd4 g5 39. Rxf5 Rb6 40. Rf6+ Kc7 41. Rxb6 Kxb6 42. b4 h5 43. Kc4 g4 44. a5+ Ka6 45. Kc5 Kb7 46. b5 Kc7 47. a6 Kb8 48. b6 Ka8 49. b7+ Ka7 50. Kd5 1-0

[Event "SJRH-ch U16"]
[Site "Worms"]
[Date "2001.01.02"]
[Round "1"]
[White "Katte, Isabel"]
[Black "Silz, Simeon"]
[Result "1-0"]
[WhiteElo "1415"]
[BlackElo "802"]
[PlyCount "37"]
[EventDate "2001.01.02"]
[EventType "swiss"]
[EventRounds "7"]
[EventCountry "GER"]
[SourceTitle "EXT 2003"]
[Source "ChessBase"]
[SourceDate "2002.11.25"]
[SourceVersion "1"]
[SourceVersionDate "2002.11.25"]
[SourceQuality "1"]

1. e4 e5 2. Nf3 Nc6 3. d4 d6 4. dxe5 Nxe5 5. Nxe5 dxe5 6. Qxd8+ Kxd8 7. Nc3 Nf6 8. Bg5 Be7 9. 0-0-0+ Bd7 10. Be2 h6 11. Bxf6 Bxf6 12. Bg4 Bg5+ 13. Kb1 Ke8 14. Rxd7 Rc8 15. Rhd1 g6 16. g3 h5 17. Bh3 Rf8 18. Nb5 c6 19. Nd6# 1-0